[Event "AUTO-ADV-4794"]
[Site "http://www.queenalice.com/game.php?id=1849392"]
[Date "2024.12.27"]
[Round "2"]
[White "Capixaba789"]
[Black "cabeca"]
[Result "0-1"]
[WhiteElo "1840"]
[BlackElo "2013"]

1. e4 c5 2. f4 d6 3. Nf3 e6 4. Be2 Be7 5. O-O Nf6 6. d3 Nc6 7. Be3 O-O 8. Nbd2
b6 9. e5 Nd5 10. Bf2 dxe5 11. Nxe5 Bb7 12. Ne4 Nxf4 13. Nf3 Nxe2+ 14. Qxe2 Nd4
15. Nxd4 cxd4 16. Bg3 Qd5 17. Kh1 f5 18. Nd2 Bg5 19. Nf3 Be3 20. a3 f4 21. Bf2
Rf6 22. Rac1 e5 23. c4 dxc3 24. Rxc3 e4 25. dxe4 Qxe4 26. Bxe3 fxe3 27. Rxe3 Qg6
28. Re1 Raf8 29. h3 Bxf3 30. Rxf3 Rxf3 31. gxf3 Qg3 32. Rg1 Qxh3+ 33. Qh2 Qxf3+
34. Qg2 h5 35. Kh2 Qxg2+ 36. Rxg2 Kh7 0-1

[Event "AUTO-ADV-4794"]
[Site "http://www.queenalice.com/game.php?id=1849393"]
[Date "2024.12.27"]
[Round "2"]
[White "cabeca"]
[Black "Capixaba789"]
[Result "1-0"]
[WhiteElo "1997"]
[BlackElo "1831"]

1. Nf3 d6 2. d4 Nf6 3. g3 e6 4. Bg2 Be7 5. O-O Nbd7 6. c4 O-O 7. Nc3 Nb6 8. b3
c6 9. e4 Qc7 10. e5 Ne8 11. exd6 Nxd6 12. c5 Nf5 13. Bf4 Qd7 14. cxb6 axb6 15.
g4 Nh4 16. Ne5 Qe8 17. Bg3 Nxg2 18. Kxg2 b5 19. h4 Qd8 20. g5 b4 21. Ne4 Qd5 22.
Qf3 Qxd4 23. Rfd1 Qa7 24. Ng4 c5 25. Ngf6+ gxf6 26. gxf6 1-0

[Event "AUTO-ADV-4794"]
[Site "http://www.queenalice.com/game.php?id=1849394"]
[Date "2024.12.27"]
[Round "2"]
[White "Canaye14"]
[Black "cabeca"]
[Result "0-1"]
[WhiteElo "1785"]
[BlackElo "2006"]

1. d4 Nf6 2. Nf3 e6 3. h3 d5 4. Bf4 c6 5. e3 Bd6 6. c4 Bxf4 7. c5 Bc7 8. Bd3 O-O
9. Qc2 Re8 10. Nbd2 h6 11. O-O e5 12. dxe5 Bxe5 13. Nxe5 Rxe5 14. b4 Nbd7 15.
Nf3 Re8 16. Rae1 Ne5 17. Nd4 Qc7 18. Be2 Ng6 19. Bd3 Ne4 20. Bxe4 dxe4 21. Rd1
Qe5 22. Ne2 Nh4 23. Rd6 Bxh3 24. gxh3 Nf3+ 0-1

[Event "AUTO-ADV-4794"]
[Site "http://www.queenalice.com/game.php?id=1849395"]
[Date "2024.12.27"]
[Round "2"]
[White "cabeca"]
[Black "Canaye14"]
[Result "1-0"]
[WhiteElo "2022"]
[BlackElo "1874"]

1. Nf3 e6 2. d4 d5 3. g3 c5 4. Bg2 Nc6 5. O-O cxd4 6. Nxd4 Qb6 7. c3 Bc5 8. e3
Nxd4 9. exd4 Bd6 10. Nd2 Ne7 11. Nf3 Bd7 12. Qc2 O-O 13. Bg5 Ng6 14. h4 Rac8 15.
h5 Ne7 16. Bxe7 Bxe7 17. Ne5 Be8 18. Qd2 f6 19. Nd3 Bxh5 20. Qe3 Rc6 21. c4 dxc4
22. Nf4 Qa5 23. Bxc6 bxc6 24. Nxh5 Qxh5 25. Qxe6+ Qf7 26. Qxc6 Rd8 27. Rfd1 h5
28. Rac1 c3 29. Rxc3 Qg6 30. Qe6+ Qf7 31. Re3 Qxe6 32. Rxe6 Kf7 33. Ra6 Rd7 34.
d5 Bc5 35. a3 Bb6 36. b4 g5 37. a4 f5 38. a5 Bd8 39. b5 f4 40. b6 axb6 41. axb6
fxg3 42. fxg3 h4 43. Ra7 Ke7 44. d6+ Ke8 45. Re1+ Be7 46. Rxe7+ Rxe7 47. Rxe7+
1-0

[Event "AUTO-MASTER-3251"]
[Site "http://www.queenalice.com/game.php?id=1851647"]
[Date "2025.2.6"]
[Round "1"]
[White "Donidon"]
[Black "cabeca"]
[Result "1-0"]
[WhiteElo "2227"]
[BlackElo "2093"]

1. d4 Nf6 2. c4 e6 3. Nc3 d5 4. Nf3 Bb4 5. Bg5 Bxc3+ 6. bxc3 dxc4 7. Qa4+ c6 8.
Qxc4 Nbd7 9. e3 O-O 10. Bd3 h6 11. Bh4 Re8 12. O-O Nb6 13. Qb3 a5 14. Rab1 Nbd5
15. c4 Nc7 16. Ne5 a4 17. Qb6 Na6 18. Qxd8 Rxd8 19. Ng4 Bd7 20. Bxf6 gxf6 21.
Nxf6+ Kg7 22. Nh5+ Kf8 23. Nf6 Ke7 24. Ng4 h5 25. Ne5 Bc8 26. Be4 c5 27. Bxb7
Bxb7 28. Rxb7+ Ke8 29. Rxf7 cxd4 30. exd4 Rxd4 31. Rh7 Rdd8 32. Rh8+ Ke7 33.
Nc6+ Kd7 34. Nxd8 Rxd8 35. Rd1+ Kc6 36. Rhxd8 Kc5 37. Rc8+ Kb4 38. Rb1+ Ka3 39.
Rc6 Kxa2 40. Rb7 Ka3 41. Rxa6 Ka2 42. Rxa4# 1-0

[Event "AUTO-MASTER-3251"]
[Site "http://www.queenalice.com/game.php?id=1851648"]
[Date "2025.2.6"]
[Round "1"]
[White "cabeca"]
[Black "Donidon"]
[Result "1-0"]
[WhiteElo "2058"]
[BlackElo "2216"]

1. Nf3 Nf6 2. g3 d5 3. Bg2 c6 4. O-O g6 5. d4 Bg7 6. a4 O-O 7. c4 Nbd7 8. c5 Re8
9. b4 Ne4 10. Nbd2 Nc3 11. Qe1 e5 12. Nb3 Ne4 13. Nxe5 Nxe5 14. dxe5 Bxe5 15.
Bxe4 dxe4 16. Rb1 Bh3 17. Qd2 Qd5 18. Qxd5 cxd5 19. Rd1 Rad8 20. Nd4 Bxd4 21.
Rxd4 f5 22. Bg5 Rd7 23. Rbd1 Bg4 24. Rxd5 Rxd5 25. Rxd5 Bxe2 26. Rd7 e3 27. Bxe3
Bf3 28. h3 Bc6 29. Rd3 Bxa4 30. Ra3 Bc6 31. Rxa7 g5 32. Ra1 h6 33. Kf1 Bb5+ 34.
Kg2 Bc6+ 35. Kg1 Rd8 36. Rb1 Be4 37. Rc1 Bc6 38. f4 Rd3 39. Kf2 Rb3 40. Rc4 Rb2+
41. Ke1 Bb5 42. Rd4 Re2+ 43. Kd1 Rxe3 44. fxg5 hxg5 45. h4 Rxg3 46. hxg5 Rd3+
47. Rxd3 Bxd3 48. Kd2 Bb5 49. Ke3 Kg7 50. Kd4 Kg6 51. Kd5 Kxg5 52. Kd6 f4 53.
Kc7 Bc6 54. Kb6 f3 55. b5 Bd5 56. c6 bxc6 57. bxc6 Bxc6 58. Kxc6 f2 59. Kd6 f1=Q
60. Kd5 Qf4 61. Kc6 Qe5 62. Kb6 Qd5 63. Kc7 1-0

[Event "AUTO-MASTER-3251"]
[Site "http://www.queenalice.com/game.php?id=1851661"]
[Date "2025.2.6"]
[Round "1"]
[White "Kapablanca"]
[Black "cabeca"]
[Result "0-1"]
[WhiteElo "2005"]
[BlackElo "2072"]

1. d4 Nf6 2. c4 e6 3. Nc3 Bb4 4. Nf3 d5 5. e3 Bxc3+ 6. bxc3 c6 7. cxd5 exd5 8.
Bd3 O-O 9. O-O Bg4 10. h3 Bxf3 11. Qxf3 Re8 12. Re1 Ne4 13. Bxe4 dxe4 14. Qg4
Nd7 15. c4 Nf6 16. Qg3 Nh5 17. Qg4 g6 18. Bb2 f5 19. Qe2 Qd6 20. Rec1 c5 21. Rd1
cxd4 22. Rxd4 Qc7 23. Rad1 Rad8 24. g4 Ng7 0-1

[Event "AUTO-MASTER-3251"]
[Site "http://www.queenalice.com/game.php?id=1851662"]
[Date "2025.2.6"]
[Round "1"]
[White "cabeca"]
[Black "Kapablanca"]
[Result "1-0"]
[WhiteElo "2057"]
[BlackElo "2020"]

1. Nf3 Nf6 2. g3 g6 3. Bg2 Bg7 4. O-O O-O 5. d4 d5 6. c3 c6 7. Nbd2 Re8 8. Re1
Bg4 9. e4 e6 10. e5 Nfd7 11. h3 Bxf3 12. Nxf3 c5 13. Be3 cxd4 14. cxd4 Nc6 15.
a3 Nb6 16. b4 a6 17. Rc1 Nc4 18. Rc3 b5 19. Qc1 Qb6 20. Rd1 Bf8 21. Bh6 a5 22.
bxa5 N6xa5 23. Bxf8 Rxf8 24. Qh6 f6 25. exf6 1-0

[Event "AUTO-MASTER-3251"]
[Site "http://www.queenalice.com/game.php?id=1851671"]
[Date "2025.2.6"]
[Round "1"]
[White "cabeca"]
[Black "chessman"]
[Result "1-0"]
[WhiteElo "2035"]
[BlackElo "1876"]

1. Nf3 d5 2. g3 e6 3. Bg2 Nf6 4. O-O c5 5. d4 cxd4 6. Nxd4 a6 7. Bg5 Bd7 8. c4
Bc6 9. cxd5 Bxd5 10. Qa4+ Nc6 11. Bxd5 exd5 12. Nxc6 bxc6 13. Qxc6+ Ke7 14. Nc3
1-0

[Event "AUTO-MASTER-3251"]
[Site "http://www.queenalice.com/game.php?id=1851672"]
[Date "2025.2.6"]
[Round "1"]
[White "chessman"]
[Black "cabeca"]
[Result "0-1"]
[WhiteElo "1938"]
[BlackElo "2045"]

1. e4 Nf6 2. d3 e5 3. f4 exf4 4. Bxf4 d6 5. Nf3 Bg4 6. Be2 Bxf3 7. Bxf3 Nc6 8.
O-O Be7 9. Nc3 O-O 10. h3 h6 11. d4 Re8 12. Re1 Nh7 13. Qd2 Bf6 14. Be3 Ng5 15.
Rf1 Nxf3+ 16. Rxf3 a6 17. Nd5 Bxd4 18. Bxd4 Nxd4 19. Qxd4 c5 20. Qe3 Qh4 21. Re1
Re5 22. Qf4 Qxe1+ 23. Rf1 Qxe4 24. Qxe4 Rxe4 0-1

[Event "AUTO-ADV-4813"]
[Site "http://www.queenalice.com/game.php?id=1853860"]
[Date "2025.3.14"]
[Round "2"]
[White "cabeca"]
[Black "Canaye14"]
[Result "0-1"]
[WhiteElo "2059"]
[BlackElo "1964"]

1. Nf3 e6 2. e4 d5 3. e5 c5 4. c3 Nc6 5. d4 Qb6 6. Na3 cxd4 7. cxd4 Bxa3 8. bxa3
Nge7 9. Be3 Nf5 10. Be2 Nxe3 11. fxe3 O-O 12. O-O h6 13. Bd3 Bd7 14. Rc1 f5 15.
Nh4 Nxd4 16. Ng6 Nc6 17. Nxf8 Rxf8 18. Qe2 Nxe5 19. Rc2 Nxd3 20. Qxd3 Bb5 21.
Qb3 Bxf1 22. Qxb6 axb6 23. Kxf1 Rf7 24. Rb2 Rc7 25. Rxb6 Kf7 26. Rb2 Kf6 27. Ke2
Ke5 28. Kd3 Kd6 29. h3 e5 30. g4 e4+ 31. Kd2 g5 32. gxf5 Rf7 33. Ke2 Rxf5 34.
Rxb7 Rf3 35. Rb6+ Ke5 36. Rxh6 Rf7 37. h4 gxh4 38. Rxh4 Ra7 39. Rh5+ Kd6 40.
Rh6+ Ke5 41. Rc6 Rxa3 42. Rc2 Ke6 43. Kd2 Rd3+ 44. Ke2 Ra3 45. Kd2 Ke5 46. Rb2
Rd3+ 47. Kc2 Rxe3 48. a4 Ra3 49. Rb4 d4 50. Kb2 Rh3 51. a5 e3 52. a6 Rh8 53. Kc2
Rc8+ 54. Kd1 Ke4 55. Ke2 Rc2+ 56. Kd1 Ra2 57. Rb6 e2+ 58. Ke1 Ke3 59. Re6+ Kd3
60. Re7 Ra1+ 61. Kf2 Rf1+ 62. Kg2 e1=Q 63. Rxe1 Rxe1 64. Kf2 Ra1 65. a7 Rxa7 66.
Kf3 Re7 67. Kf4 Kc2 0-1

[Event "AUTO-ADV-4813"]
[Site "http://www.queenalice.com/game.php?id=1853861"]
[Date "2025.3.14"]
[Round "2"]
[White "Canaye14"]
[Black "cabeca"]
[Result "0-1"]
[WhiteElo "1897"]
[BlackElo "2085"]

1. d4 Nf6 2. Bf4 e6 3. Nf3 d5 4. e3 c6 5. Nbd2 Be7 6. c3 O-O 7. Bd3 Nbd7 8. Qc2
c5 9. dxc5 Nxc5 10. Be2 h6 11. Ne5 Nce4 12. Rd1 a6 13. O-O Bd6 14. f3 Nxd2 15.
Rxd2 b5 16. Nc6 Qc7 17. Bxd6 Qxd6 18. Nd4 e5 19. Nf5 Bxf5 20. e4 Bg6 21. Bd3 d4
22. cxd4 exd4 23. f4 Rfe8 24. e5 Qb6 25. Kh1 Bxd3 26. Rxd3 Nd5 27. Qd2 Ne3 28.
Re1 Nc4 29. Qe2 Rad8 30. b3 Ne3 31. h3 f6 32. Qf3 fxe5 33. fxe5 Rxe5 34. Qg3 Rg5
0-1

[Event "AUTO-ADV-4813"]
[Site "http://www.queenalice.com/game.php?id=1853862"]
[Date "2025.3.14"]
[Round "2"]
[White "cabeca"]
[Black "chessman"]
[Result "0-1"]
[WhiteElo "2080"]
[BlackElo "1960"]

1. Nf3 d5 2. g3 Nf6 3. Bg2 e6 4. O-O Be7 5. d4 c5 6. e3 O-O 7. c3 cxd4 8. exd4
a6 9. Bg5 Ne4 10. Bxe7 Qxe7 11. Nbd2 f5 12. Nxe4 fxe4 13. Ne5 Nd7 14. Nxd7 Bxd7
15. b3 Rac8 16. Qd2 Bc6 17. Rac1 Qf6 18. c4 h6 19. Rfe1 Rfd8 20. cxd5 exd5 21.
h4 Rf8 22. Rf1 Rce8 23. Rce1 Bb5 24. f3 Bxf1 25. Rxf1 e3 26. Qd3 b5 27. f4 Qd6
28. Re1 Qe6 29. Kh2 Rf7 30. Bh3 Qe7 31. Bg2 Qe6 32. Bh3 Qe4 33. Qxe4 Rxe4 34.
Kg2 Rc7 35. Re2 Rxd4 36. Kf3 Rd2 37. Rxe3 Rxa2 38. Be6+ Kf8 39. Bxd5 Rd2 40. Be6
a5 41. Bf5 a4 42. bxa4 bxa4 43. Bg6 Rd8 44. h5 Ra7 45. Ra3 Rb8 46. Kg4 Rb3 47.
Ra2 a3 48. Re2 Ra8 49. f5 a2 50. Rc2 a1=Q 51. Rc7 Qd1+ 52. Kh4 Ra4+ 53. Kh3 Qh1#
0-1

[Event "AUTO-ADV-4813"]
[Site "http://www.queenalice.com/game.php?id=1853863"]
[Date "2025.3.14"]
[Round "2"]
[White "chessman"]
[Black "cabeca"]
[Result "1-0"]
[WhiteElo "1878"]
[BlackElo "2082"]

1. e4 e5 2. Nf3 Nc6 3. Bc4 Nf6 4. O-O Bc5 5. b4 Bxb4 6. c3 Be7 7. Re1 d6 8. d4
O-O 9. h3 exd4 10. cxd4 h6 11. Nc3 Re8 12. Qe2 Bf8 13. e5 dxe5 14. dxe5 Nd4 15.
Nxd4 Qxd4 16. Bb2 Qc5 17. exf6 Rxe2 18. Bxe2 gxf6 19. Ne4 Qc2 20. Nxf6+ Kg7 21.
Rab1 h5 22. Nxh5+ Kh6 23. Bc1+ Kg6 24. Nf4+ Kg7 25. Bb2+ Kg8 26. Bd3 Qa4 27. Nh5
Be7 28. Rxe7 c5 29. Nf6+ Kg7 30. Re8 b6 31. Rg8+ Kh6 32. Bc1+ Qf4 33. Bxf4# 1-0

[Event "AUTO-ADV-4813"]
[Site "http://www.queenalice.com/game.php?id=1853864"]
[Date "2025.3.14"]
[Round "2"]
[White "cabeca"]
[Black "Fredo"]
[Result "0-1"]
[WhiteElo "2062"]
[BlackElo "2174"]

1. Nf3 Nf6 2. g3 g6 3. Bg2 d5 4. O-O Bg7 5. d4 O-O 6. c4 dxc4 7. Nc3 c6 8. a4
Be6 9. e4 b5 10. axb5 cxb5 11. Nxb5 Nbd7 12. Nd2 Nb6 13. e5 Nfd5 14. Qc2 a6 15.
Na3 Nb4 16. Qc3 N6d5 17. Qf3 Rc8 18. Ndxc4 Qd7 19. Be3 Nxe3 20. Nxe3 Rfd8 21.
Rfd1 Nd5 22. Nxd5 Bxd5 23. Qxd5 Qxd5 24. Bxd5 Rxd5 25. f4 e6 26. Rac1 Rxc1 27.
Rxc1 Rxd4 28. Rc2 Bf8 29. Rc6 Bxa3 30. bxa3 Ra4 31. Rc3 Kg7 32. h4 h6 33. Kf2 g5
34. hxg5 hxg5 35. fxg5 Kg6 36. Kf3 Kf5 37. Ke3 Kxe5 38. Rc5+ Kd6 39. Rc3 Rg4 40.
Kf3 Rxg5 41. Rb3 Ra5 42. Ke4 f6 43. Kd4 Kc6 44. Kc4 Rb5 45. Re3 Kd6 46. a4 Rg5
47. Rf3 Ke7 48. Kb4 a5+ 49. Kc4 Rd5 50. g4 Rg5 51. Rf4 Kd6 52. Rxf6 Rxg4+ 53.
Kb5 Rg5+ 54. Ka6 Ke5 55. Rf8 Kd4 56. Rf4+ Kd3 57. Rh4 Rd5 58. Rh3+ Ke4 59. Rh4+
Kf3 60. Rh3+ Kg4 61. Re3 e5 62. Re1 Kf5 63. Rf1+ Ke6 64. Re1 Kd6 65. Re2 Rc5 66.
Rd2+ Ke6 67. Rd1 e4 68. Kb6 Re5 69. Rh1 e3 70. Rh6+ Kf5 71. Rh5+ Kf4 72. Rh4+
Kf3 73. Rh3+ Ke2 74. Rh2+ Kd3 75. Rh3 Kc3 76. Rg3 Kb3 77. Rh3 Kxa4 0-1

[Event "AUTO-ADV-4813"]
[Site "http://www.queenalice.com/game.php?id=1853865"]
[Date "2025.3.14"]
[Round "2"]
[White "Fredo"]
[Black "cabeca"]
[Result "1-0"]
[WhiteElo "2099"]
[BlackElo "2039"]

1. e4 e5 2. Nf3 Nc6 3. Bb5 a6 4. Ba4 b5 5. Bb3 Nf6 6. d3 Be7 7. c3 Bb7 8. O-O
O-O 9. Re1 d6 10. Nbd2 Na5 11. Bc2 c5 12. Nf1 Nc6 13. Ne3 d5 14. Nf5 d4 15. cxd4
Nxd4 16. N3xd4 cxd4 17. f4 exf4 18. Bxf4 Bb4 19. Rf1 h6 20. Qf3 Re8 21. a3 Ba5
22. Nd6 Re7 23. Nxb7 Rxb7 24. e5 Nd5 25. Bg3 Raa7 26. Bf2 Bb6 27. Qe4 Ne3 28.
Bxe3 dxe3 29. Kh1 Re7 30. d4 g6 31. Rad1 Rad7 32. Qxe3 Bxd4 33. Qxh6 Bxe5 34.
Rxd7 Rxd7 35. Bb3 Qb6 36. Qc1 Qd6 37. Qc8+ Kg7 38. Qe8 Qc7 39. Bxf7 Rxf7 40.
Rxf7+ Qxf7 41. Qxe5+ Qf6 42. Qc7+ Kh6 43. Qc1+ Kg7 44. Qc3 Qxc3 45. bxc3 Kf6 46.
h4 Ke5 47. g3 a5 48. Kg2 Ke4 49. Kf2 a4 50. Ke2 Ke5 51. Ke3 Kf5 52. Kf3 Ke5 53.
g4 Kf6 54. Ke4 Ke6 55. Kd4 Kd6 56. c4 Kc6 57. cxb5+ Kxb5 58. h5 1-0

[Event "AUTO-ADV-4762"]
[Site "http://www.queenalice.com/game.php?id=1854371"]
[Date "2025.3.22"]
[Round "3"]
[White "cabeca"]
[Black "jagiellonczyk"]
[Result "1-0"]
[WhiteElo "2044"]
[BlackElo "2095"]

1. Nf3 Nc6 2. e4 e5 3. Bb5 Nf6 4. c3 d6 5. d3 Bg4 6. h3 Bd7 7. Bg5 Be7 8. O-O
Ng8 9. Bxe7 Ngxe7 10. Nbd2 Nb8 11. Bxd7+ Nxd7 12. d4 exd4 13. cxd4 Nf6 14. e5
1-0

[Event "AUTO-ADV-4762"]
[Site "http://www.queenalice.com/game.php?id=1854372"]
[Date "2025.3.22"]
[Round "3"]
[White "jagiellonczyk"]
[Black "cabeca"]
[Result "0-1"]
[WhiteElo "2111"]
[BlackElo "2025"]

1. e4 e5 2. Nf3 Nc6 3. Nc3 d6 4. Bb5 Nf6 5. d4 exd4 6. Nxd4 Bd7 7. Nf3 Be7 8.
Ng5 O-O 9. Bxc6 Bxc6 10. Qd3 h6 11. Nf3 Re8 12. O-O Bf8 13. Re1 a6 14. Bd2 b5
15. a3 d5 0-1

[Event "AUTO-OPEN-4602"]
[Site "http://www.queenalice.com/game.php?id=1859613"]
[Date "2025.7.8"]
[Round "1"]
[White "cabeca"]
[Black "chessman"]
[Result "0-1"]
[WhiteElo "2033"]
[BlackElo "2038"]

1. Nf3 d5 2. g3 e6 3. d4 c5 4. Bg2 cxd4 5. Nxd4 Nf6 6. Bg5 Be7 7. O-O O-O 8. c3
Nc6 9. Re1 Re8 10. e4 Nxe4 11. Bxe7 Qxe7 12. Bxe4 dxe4 13. Nxc6 bxc6 14. Rxe4 c5
0-1

[Event "AUTO-OPEN-4602"]
[Site "http://www.queenalice.com/game.php?id=1859614"]
[Date "2025.7.8"]
[Round "1"]
[White "chessman"]
[Black "cabeca"]
[Result "1-0"]
[WhiteElo "2021"]
[BlackElo "2050"]

1. e4 e5 2. Nf3 Nc6 3. Bb5 a6 4. Ba4 Nf6 5. O-O d6 6. Re1 b5 7. Bb3 Na5 8. c3
Nxb3 9. Qxb3 Be7 10. d4 exd4 11. cxd4 c5 12. dxc5 dxc5 13. Qc2 O-O 14. Nc3 1-0

[Event "AUTO-OPEN-4602"]
[Site "http://www.queenalice.com/game.php?id=1859615"]
[Date "2025.7.8"]
[Round "1"]
[White "cabeca"]
[Black "RookRider"]
[Result "0-1"]
[WhiteElo "2017"]
[BlackElo "1500"]

1. Nf3 Nf6 2. g3 g6 3. d4 d5 4. Bg2 Bg7 5. O-O O-O 6. c3 Bf5 7. Re1 Nc6 8. Nh4
Bd7 9. Bg5 Ne4 10. Bxe4 dxe4 11. Nd2 h6 12. Be3 g5 0-1

[Event "AUTO-OPEN-4602"]
[Site "http://www.queenalice.com/game.php?id=1859616"]
[Date "2025.7.8"]
[Round "1"]
[White "RookRider"]
[Black "cabeca"]
[Result "1-0"]
[WhiteElo "1500"]
[BlackElo "2017"]

1. d4 Nf6 2. c4 e6 3. Nf3 d5 4. Nc3 Bb4 5. e3 O-O 6. Bd3 c6 7. O-O Bxc3 8. bxc3
dxc4 9. Bxc4 Nbd7 10. Bd3 c5 11. e4 cxd4 12. cxd4 1-0